000 00851cam a2200253 a 4500
999 _c3245
_d3245
001 4715167
003 GBCCL
005 20241126110450.0
008 830920s1984 caua b 001 0 eng
010 _a 83019272
020 _a0830709223 (pbk.) :
_c$5.95
040 _aDLC
_cDLC
_dDLC
050 0 0 _aBV652.25
_b.W325 1984
082 0 0 _a254.5
_219
_bWAG
100 1 _aWagner, C. Peter.
_92967
245 1 0 _aLeading your church to growth /
_cC. Peter Wagner.
260 _aVentura, CA, U.S.A. :
_bRegal Books,
_cc1984.
300 _a224 p. :
_bill. ;
_c21 cm.
500 _a"The secret of pastor/people partnership in dynamic church growth"--Cover.
504 _aIncludes bibliographical references and index.
650 0 _aChurch growth
_xHandbooks, manuals, etc.
_96685
906 _a7
_bcbc
_corignew
_d1
_eocip
_f19
_gy-gencatlg
942 _2ddc
_cBK
_013